Objektívne hodnotenie efektu liečby Brufenom Retard pri koxartróze

Bibliographic Details
Main Authors: Drličková, V. (Author), Masaryk, Pavol (Author), Žlnay, Daniel (Author)
Format: Article
Language:Slovak
PhysicalDescription:Obr. 5. Tb. 4. Res. angl., lit. 10 zázn. v slov., češ., angl.
Subjects:

MARC

LEADER 00000nab a2200000 a 4500
001 vtls000461469
003 SK-MaSNL
005 20260303161222.0
008 230223c1992 xo 0 slo
015 |a SNBRB19rr/mm-uuuuu 
035 |a CL0461602 
035 |a urn:nbn:sk:snk-ab6t8z 
035 |a (uuid)01800a2a-0d90-45eb-a35d-ae69b4b9c191 
035 |a (urnnbn)urn:nbn:sk:snk:ar-a05qt9 
035 |a (sysno)vtls000461469 
040 |a SNKBUCL  |b slo  |c SNKBUCL  |e AACR2 
041 0 |a slo 
044 |a xo  |c SK 
080 |a 616.72.2-002:615.276  |2 1981 
080 |a 615.276  |2 1981 
100 1 |a Drličková, V.  |4 aut  |9 1174864 
245 1 0 |a Objektívne hodnotenie efektu liečby Brufenom Retard pri koxartróze  |c V. Drličková, P. Masaryk, D. Žlnay 
300 |b Obr. 5. Tb. 4. Res. angl., lit. 10 zázn. v slov., češ., angl. 
650 0 7 |a koxartróza  |2 snkbucl  |9 15464 
650 0 7 |a Brufen Retard (liek)  |2 snkbucl  |9 1183230 
655 7 |a články z novín a časopisov  |2 snkbucl  |9 267496 
700 1 |a Masaryk, Pavol  |4 aut  |9 10874 
700 1 |a Žlnay, Daniel  |4 aut  |9 6919 
773 0 |t Rheumatologia  |g Roč. 6, č. 2 (1992), s. 93-100 
850 |a Slovenská národná knižnica v Martine  |a MTA001 
852 |a SNK  |b KIS3GCP 
954 |a odborná, vedecká literatúra pôvodná (slovenská)  |2 lita 
958 |a NB 
958 |a RK 
958 |a ME 
958 |a OND 
958 |a EUIPO 
958 |a article27 
992 |a RBX 
999 |c 2048631  |d 2050561